000 01055nam a22002777a 4500
003 dpl
005 20180830123614.0
008 180830b xxu||||| |||| 00| 0 eng d
010 _aB-075859
020 _c140.00
_a818818900
035 _aB-075859, B-075863
037 _bCen Lib/Ret
040 _aDPL
_bHN
_c0
082 _a
_bनिर्मम
100 _aनिर्मम, हेमराज
_964022
245 _aबिचौलिया /
_c हेमराज निर्मम
246 _aBichouliya
_b by Hemraj Nirmam
260 _aदिल्ली
_bमनीषा प्रकाशन
_c2002
270 _a57,बी पॉकेट ए अशोक विहार
_b दिल्ली
_e110052
300 _a128पृष्ठ.
_c20सेमी(सजिल्द)
650 _aहिंदी साहित्य
_964023
650 _aहिंदी कहानी
_964024
650 _aHindi literature
_964025
650 _aHindi story
_943117
942 _2ddc
_cHN
_h
_mनिर्मम
999 _c115941
_d115941